Statistics for Countries Furthest from the US's 48 Contiguous States

Click here to take the quiz!

General Stats

  • This quiz has been taken 2,335 times
  • The average score is 14 of 20

Answer Stats

kmcountrymiles% Correct
11,948South Africa7424
93%
13,007Madagascar8082
88%
12,590Lesotho7823
86%
14,273Mauritius8869
84%
12,629Eswatini7848
83%
12,164Seychelles7558
83%
12,941Sri Lanka8048
82%
11,861Mozambique7367
81%
12,497Comoros7765
79%
12,869Maldives7996
79%
11,286Botswana7013
75%
11,574Zimbabwe7192
75%
11,536Malawi7168
65%
12,774Singapore7937
52%
11,432Malaysia7104
48%
11,166Thailand6939
45%
12,237Timor-Leste7604
45%
11,742Brunei7296
44%
11,050Bangladesh6866
43%
11,326Cambodia7037
37%

Score Distribution

Percentile by Number Answered

Percent of People with Each Score

Your Score History

You have not taken this quiz